| 000 | 00822cab a2200241 4500 | ||
|---|---|---|---|
| 001 | ABS54248 | ||
| 008 | 090401t1996 xxu||||| |||| 00| 0 eng d | ||
| 035 | _a(Sirsi) u9274 | ||
| 041 | _aeng | ||
| 100 | _aKnutt, E. | ||
| 245 | _aFunding hiatus hits lottery | ||
| 260 | _c1996 | ||
| 350 | _a0 | ||
| 490 |
_aBuilding _v261(7925) 26 January 1996, 18-20(3) |
||
| 520 | _aMany construction projects awarded grants from National Lottery funding are finding it extremely difficult to raise additional money. These range from the Royal Opera House to small civic projects such as converting a former town hall into an arts centre. | ||
| 650 | _aCAPITAL PROJECTS | ||
| 650 | _aFUNDING | ||
| 650 | _aLOTTERY FUNDING | ||
| 650 | _aROYAL OPERA HOUSE | ||
| 690 | _aBUILT ENVIRONMENT | ||
| 942 | _n0 | ||
| 948 | _c04/03/1997 | ||
| 999 |
_c5765 _d5765 |
||